Donatários, colonos, índios e jesuítas: (Registro n. 658)

Detalhes MARC
000 -LÍDER
campo de controle de tamanho fixo 00972nam a22002417a 4500
003 - IDENTIFICADOR DO NÚMERO DE CONTROLE
campo de controle BR-ViAPE
005 - DATA E HORÁRIO DA ÚLTIMA TRANSAÇÃO
campo de controle 20260513162154.0
008 - CAMPO DE DADOS FIXOS--INFORMAÇÃO GERAL
campo de controle de tamanho fixo 260513s2011 por gs|||| 001 0 por d
020 ## - ISBN - INTERNATIONAL STANDARD BOOK NUMBER
Informação qualificadora 978-85-98928-08-1
040 ## - FONTE DA CATALOGAÇÃO
Instituição que transcreveu o registro BR-ViAPE
100 ## - ENTRADA PRINCIPAL--NOME PESSOAL
Nome pessoal Saletto, Nara
245 ## - TÍTULO
Título Donatários, colonos, índios e jesuítas:
Restante do título o início da colonização no Espírito Santo
250 ## - EDIÇÃO
Edição 2.ed.
Complemento da informação de edição rev.
260 ## - PUBLICAÇÃO, DISTRIBUIÇÃO, ETC.
Local de publicação, distribuição, etc. Vitória
Nome do editor, distribuidor, etc. Arquivo Público do Estado do Espírito Santo
Data da publicação, distribuição, etc. 2011
300 ## - DESCRIÇÃO FÍSICA
Extensão 140 p.
Outros detalhes físicos Livro disponível em PDF
490 ## - TÍTULO DA SÉRIE
Título da série Coleção Canaã
Número do volume ou designação sequencial da série v. 13
500 ## - NOTA GERAL
Nota geral Obra disponibilizada em PDF por integrar a Coleção Canaã do APEES.
650 ## - ASSUNTO--TERMO TÓPICO
Cabeçalho tópico ou nome geográfico História
Subdivisão geral Biografia
-- Capitania
Subdivisão geográfica Espírito Santo (Brasil)
651 ## - ASSUNTO—LOCAIS GEOGRÁFICOS E HISTÓRICOS
Nome geográfico Espírito Santo (Brasil)
710 ## - ENTRADA ADICIONADA - NOME DA EMPRESA
Nome corporativo ou nome da jurisdição Arquivo Público do Estado do Espírito Santo
856 ## - LOCALIZAÇÃO ELETRÔNICA E ACESSO
Uniform Resource Identifier <a href="https://ape.es.gov.br/Media/ape/PDF/Livros/Donatarios_colonos_indios_jesuitas2.pdf">https://ape.es.gov.br/Media/ape/PDF/Livros/Donatarios_colonos_indios_jesuitas2.pdf</a>
Texto de ligação CLIQUE AQUI PARA ACESSAR O DOCUMENTO
942 ## - ELEMENTOS DE ENTRADA ADICIONADOS (KOHA)
Fonte da classificação ou esquema de arquivamento na estante Dewey Decimal Classification
Tipo de material Koha Livros
Ocultar no OPAC Yes

Nenhum exemplar disponível.